| 000 | 00539cam a2200205ua 4500 | ||
|---|---|---|---|
| 001 | 11787 | ||
| 008 | 191107n ii |||gr||||Z||||||eng | ||
| 020 | _a9788122905014 | ||
| 040 | _cMAIN | ||
| 041 | _aeng | ||
| 082 | _a301.072 | ||
| 100 |
_aWilliam J Goode, _eAuthor., |
||
| 245 |
_aMethods in social research _cBy William J Goode and Paul K Hatt |
||
| 250 | _a1st rep. | ||
| 260 |
_aDelhi: _bSurjeet publications, _c2006. |
||
| 300 | _a386p. | ||
| 653 | _aSociology & anthropology | ||
| 700 |
_aPaul K Hatt, _eAuthor. |
||
| 942 | _cBK | ||
| 999 |
_c10582 _d10582 |
||